Selwyn's law of employment / (Record no. 466)

000 -LEADER
fixed length control field 01435cam a2200373 a 4500
001 - CONTROL NUMBER
control field 14472523
003 - CONTROL NUMBER IDENTIFIER
control field OSt
005 - DATE AND TIME OF LATEST TRANSACTION
control field 20140116120828.0
008 - FIXED-LENGTH DATA ELEMENTS--GENERAL INFORMATION
fixed length control field 060728s2006 enk 001 0 eng
010 ## - LIBRARY OF CONGRESS CONTROL NUMBER
LC control number 2006024875
015 ## - NATIONAL BIBLIOGRAPHY NUMBER
National bibliography number GBA650650
Source bnb
016 7# - NATIONAL BIBLIOGRAPHIC AGENCY CONTROL NUMBER
Record control number 013479950
Source Uk
020 ## - INTERNATIONAL STANDARD BOOK NUMBER
International Standard Book Number 9780199578733
035 ## - SYSTEM CONTROL NUMBER
System control number (OCoLC)ocm69732439
035 ## - SYSTEM CONTROL NUMBER
System control number (OCoLC)69732439
040 ## - CATALOGING SOURCE
Transcribing agency DLC
Modifying agency UKM
-- BAKER
-- YDXCP
-- OCLCQ
-- C#P
-- DLC
043 ## - GEOGRAPHIC AREA CODE
Geographic area code e-uk---
050 00 - LIBRARY OF CONGRESS CALL NUMBER
Classification number KD3040.S45 2006
100 1# - MAIN ENTRY--PERSONAL NAME
Personal name Selwyn, Norman M.
245 10 - TITLE STATEMENT
Title Selwyn's law of employment /
Statement of responsibility, etc Norman Selwyn.
246 30 - VARYING FORM OF TITLE
Title proper/short title Law of employment
250 ## - EDITION STATEMENT
Edition statement 14th ed.
260 ## - PUBLICATION, DISTRIBUTION, ETC. (IMPRINT)
Place of publication, distribution, etc Oxford :
Name of publisher, distributor, etc Oxford University Press,
Date of publication, distribution, etc c2006.
300 ## - PHYSICAL DESCRIPTION
Extent xcii, 705 p.
504 ## - BIBLIOGRAPHY, ETC. NOTE
Bibliography, etc Includes bibliography and index.
650 #0 - SUBJECT ADDED ENTRY--TOPICAL TERM
Topical term or geographic name as entry element Labor laws and legislation
Geographic subdivision Great Britain.
650 #0 - SUBJECT ADDED ENTRY--TOPICAL TERM
Topical term or geographic name as entry element Labor contract
Geographic subdivision Great Britain.
700 1# - ADDED ENTRY--PERSONAL NAME
Personal name Selwyn, Norman M.
Title of a work Law of employment.
856 42 - ELECTRONIC LOCATION AND ACCESS
Materials specified Contributor biographical information
Uniform Resource Identifier <a href="http://www.loc.gov/catdir/enhancements/fy0725/2006024875-b.html">http://www.loc.gov/catdir/enhancements/fy0725/2006024875-b.html</a>
856 42 - ELECTRONIC LOCATION AND ACCESS
Materials specified Publisher description
Uniform Resource Identifier <a href="http://www.loc.gov/catdir/enhancements/fy0725/2006024875-d.html">http://www.loc.gov/catdir/enhancements/fy0725/2006024875-d.html</a>
906 ## - LOCAL DATA ELEMENT F, LDF (RLIN)
a 7
b cbc
c orignew
d 1
e ecip
f 20
g y-gencatlg
942 ## - ADDED ENTRY ELEMENTS (KOHA)
Source of classification or shelving scheme
Koha item type Book
Holdings
Withdrawn status Lost status Source of classification or shelving scheme Damaged status Not for loan Home library Current library Shelving location Date acquired Source of acquisition Total Checkouts Full call number Barcode Date last seen Date checked out Copy number Price effective from Koha item type Total Renewals
          Riara University Library Riara University Library Short Loan 20/10/2011 Purchase 28 KD3040.S45 2006 473/11 16/06/2025 21/05/2025 C.1 20/10/2011 Book on Shortloan  
          Riara University Library Riara University Library   20/10/2011 Purchase 40 KD3040.S45 2006 474/11 11/11/2019 01/11/2019 C.2 20/10/2011 Book 5
          Riara University Library Riara University Library   20/10/2011 Purchase 44 KD3040.S45 2006 472/11 12/01/2021 11/11/2020 C.3 20/10/2011 Book 5

Riara University Library,
P.O. Box 49940-00100,
Nairobi, Kenya.